000 00512nam a2200217Ia 4500
003 OSt
005 20230427105444.0
008 210423s2012 xx 000 0 und d
020 _a9780749464080
040 _cAL
041 _aeng
082 _a650.1 WILU
_223
100 _aWILLIAMS (Lynn)
_993789
245 _aUltimate job search
250 _a3
260 _aNew Delhi
_bKogan Page Ltd
_c2012
300 _aix,244
_bPB
365 _b295
_cINR
906 _ajob ; search ; Ultimate
942 _2ddc
_cBK
999 _c161781
_d161781